Szczegóły MARC21

Materiały do studiowania przedmiotu transport i spedycja pocztowa /

003 -Nazwa inst., której nr kontr. jest w polu 001 [,]
    • @
    • Nazwa instytucji, której n kontrolny jest w polu 001
    • NUKAT
005 -DATA I CZAS OSTATNIEJ MODYFIKACJI [,]
    • @
    • pole kontrolne
    • 20241231110659.0
020 -Międzynarod. znormalizowany nr książki - ISBN [ , ]
    • a
    • Numer ISBN
    • 8385798730 Find
040 -Instytucja sporządzająca opis [ , ]
    • a
    • Instytucja, która sporządziła opis (NP)
    • NUKAT
    • c
    • Instytucja, która sporządziła rekord (NP)
    • WA U/s
942 -Rodzaj dokumentu [ , ]
    • c
    • Rodzaj dokumentu
    • Książka
100 -Hasło główne - nazwa osobowa [1, ]
    • a
    • Nazwa osobowa (NP)
    • Panasiuk, Aleksander
    • d
    • Daty biograficzne (NP)
    • (1965- ).
    • 9
    • KHW
    • 40565
245 -Strefa tytułu i oznaczenia odpowiedzialności [1,0]
    • a
    • Tytuł
    • Materiały do studiowania przedmiotu transport i spedycja pocztowa / Find
    • c
    • Pozostałe elementy strefy tytułu i oznaczenia odpowiedzialności (NP)
    • Aleksander Panasiuk.
260 -Strefa adresu wydawniczego [ , ]
    • a
    • Miejsce wydania (P)
    • Szczecin :
    • b
    • Nazwa wydawcy (P)
    • Wydaw. Naukowe Uniwersytetu Szczecińskiego,
    • c
    • Data wydania (P)
    • 1994.
300 -Strefa opisu fizycznego [ , ]
    • a
    • Określenie formy książki i/lub objętość (NP)
    • 61, [1] s. ;
    • c
    • Format (NP)
    • 24 cm.
336 -Typ zawartości [ , ]
    • a
    • Termin opisujący typ zawartości
    • Tekst
    • b
    • Kod określający zawartość
    • txt
    • 2
    • Źródło (terminu i kodu)
    • rdacontent
337 -Typ mediów [ , ]
    • a
    • Tryb odtwarzania
    • Bez urządzenia pośredniczącego
    • b
    • Kod typu mediów
    • n
    • 2
    • Źródło (terminu i kodu)
    • rdamedia
338 -Typ/rodzaj nośnika [ , ]
    • a
    • Hasło opisujące typ nośnika
    • Wolumin
    • b
    • Kod typu nośnika
    • nc
    • 2
    • Źródło (terminu i kodu)
    • rdacarrier
500 -Uwaga ogólna [ , ]
    • a
    • Uwaga ogólna (NP)
    • Uniwersytet Szczeciński.
650 -Hasło przedmiotowe [ ,7]
    • a
    • Hasło przedmiotowe
    • Poczta
    • x
    • Określnik rzeczowy
    • aspekt ekonomiczny
    • v
    • Określnik formalny
    • podręczniki akademickie.
    • 2
    • Źródło terminu
    • kaba
    • 9
    • KHW
    • 360991
650 -Hasło przedmiotowe [ ,7]
    • a
    • Hasło przedmiotowe
    • Transport i komunikacja
    • v
    • Określnik formalny
    • podręczniki akademickie.
    • 2
    • Źródło terminu
    • kaba
    • 9
    • KHW
    • 379911
710 -Hasło dodatkowe - nazwa ciała zbiorowego [2, ]
    • a
    • Nazwa ciała zbiorowego lub nazwa geograficzna jako pierwszy element (NP)
    • Uniwersytet Szczeciński.
    • b
    • Nazwa jednostki podrzędnej (P)
    • Wydawnictwo Naukowe.
    • 4
    • Kod relacji
    • pbl
    • 9
    • KHW
    • 51208
920 -ISBN [ , ]
    • a
    • ISBN
    • 83-85798-73-0 Find
Lokalizacja Data inwentaryzacji Numer inwentarzowy Sygnatura Status udost.
BE1995-08-24E.63066 -2
BE2000-04-19S.85736 -3
BG1995-08-24Z.87180Z.871801
T2000-12-28T.3825T.3825-3
T2000-12-28T.3826 -6
T2000-12-28T.3827 -3
T2000-12-28T.3828 -3
T2000-12-28T.3829 -6
T2002-05-23T.6839 -6
T2002-05-23T.6840 -6
T2002-05-23T.6841 -6
T1995-08-24TS.77868 -3
T1995-08-24TS.77869 -3
T1995-08-24TS.77870 -3
T1995-08-24TS.77871 -3
T1995-08-24TS.77872 -3
T1995-08-24TS.77873 -3
T1995-08-24TS.77874 -3
T1995-08-24TS.77875 -3
T1995-08-24TS.77876 -3
T1995-08-24TS.77877 -3
T1995-08-24TS.77878TS.77878-3
T1995-08-24TS.77879TS.77879-3
T1995-08-24TS.77880TS.77880-3
T1995-08-24TS.77881TS.77881-3
T1995-08-24TS.77882TS.77882-3
T1995-08-24TS.77883 -3
T1995-08-24TS.77884 -3
T1995-08-24TS.77885 -3
T1995-08-24TS.77886 -3
T1995-08-24TS.77887 -3
T1997-10-16TS.81207 -6